Surrealismo y realismo.
Guardado en:
| Formato: | |
|---|---|
| Series: | Educable
|
| Materias: | |
| Etiquetas: |
Agregar Etiqueta
Sin Etiquetas, Sea el primero en etiquetar este registro!
|
| LEADER | 01063ngm a22003135g 4500 | ||
|---|---|---|---|
| 001 | CEM.cems022209 | ||
| 008 | 130507b1996##################0###0#####d | ||
| 005 | 20241009184555.0 | ||
| 245 | 0 | 0 | |a Surrealismo y realismo. |
| 300 | |a 29'. | ||
| 490 | 0 | |a Educable | |
| 500 | |a En soporte VHS, consultar en ventanilla. | ||
| 505 | 0 | |a El sueño en la pintura. Dalí. Influencia de las ideas psicológicas. Miró. Rousseau. Magritte. De Chirico. Chagall. América del Norte: Hopper, Shan, Levine. Otros temas: Pippin, Avery, Wyeth, Wood. | |
| 538 | |a Soporte: VHS - Norma: Pal N - Color - Grabación DRD 1996 - Hitachi=3995 | ||
| 082 | 9 | 3 | |/ PIN-1 |
| 653 | |a ARTE DE VANGUARDIA | ||
| 653 | |a SURREALISMO | ||
| 653 | |a REALISMO | ||
| 653 | |a DALI, SALVADOR | ||
| 653 | |a MIRO | ||
| 653 | |a ROUSSEAU | ||
| 653 | |a DE CHIRICO | ||
| 653 | |a CHAGALL | ||
| 653 | |a PINTURA | ||
| 653 | |a ARTE AMERICANO MODERNO | ||
| 653 | |a ARTE | ||
| 653 | |a NIVEL PRIMARIO | ||
| 653 | |a NIVEL SECUNDARIO | ||
| 859 | |a CEMS |b BIB. CEMS - Depto. Recursos Didacticos |h 932 |i PIN-1 |k DRD |p 852.12 |t Ej.1 | ||
